00886nam a22002175i 4500001000700000003000900007005001700016008004100033100003100074245006200105260005800167300002200225530003500247650003800282700003800320752002400358852003900382856008900421999001900510952013900529166071ES-MaACL20250828061028.0990801s1877 sp |||| | spa d1 aTartilan, Sofía.910935510aPáginas para la educación popular / cSofia Tartilan. aMadrid : b[s.n.], c1877 (fImp. de Enrique Vicente) a271 p. ; c19 cm. aDisponible en formato digital. 7aEducación popular2embne9121181 aVicente, Enrique c(imp.)9133670 aEspaña - dMadrid aES-MaACLjG-10498 z- Enc. hol. uhttp://bdh-rd.bne.es/viewer.vm?id=0000247257&page=1 zBiblioteca Digital Hispánica c166071d166071 001040708Colección_digitalaATENEOMbATENEOMcSPP3d2008-01-17eSSCl0oG-10498p1174165r2023-02-23 00:00:00w2023-02-23yMONANT